| 000 | 00885naa a22002657a 4500 | ||
|---|---|---|---|
| 001 | BR9403136 | ||
| 003 | BR-BrBNA | ||
| 005 | 20240918181207.0 | ||
| 007 | ta | ||
| 008 | 230509b bl.||||| |||| 00| 0 por d | ||
| 040 |
_aBR-BrBNA _bpor _cBiblioteca Nacional de Agricultura |
||
| 041 | _a(Pt) | ||
| 072 | _aF70 | ||
| 090 | _aF70 BR9403136 | ||
| 100 | 1 | _aBastos, A.R. | |
| 245 | 1 | _aFlora Fanerogamica da Ilha do Cardoso (Sao Paulo, Brasil). Olacaceae | |
| 260 | 3 |
_aSao Paulo, SP (Brasil): _c1992. |
|
| 500 | _aFlora Fanerogamica da Ilha do Cardoso vol. 3 Sao Paulo, SP (Brasil): 1992. p. 21-26 (BR9403136-AM)F70 | ||
| 650 | _aOlacaceae | ||
| 650 | _aTaxonomia Vegetal | ||
| 650 | _aSao Paulo | ||
| 773 | 0 |
_tFlora Fanerogamica da Ilha do Cardoso vol. 3 _wF70 BR9403136 _gSao Paulo, SP (Brasil), 1992. p. 21-26 |
|
| 909 |
_a202404 _bLucia _c55 _dLucia Elande |
||
| 942 |
_cAM _2AGRIS |
||
| 999 |
_c324037 _d324037 |
||